000 00748nas a2200229 4500
001 BR0202536
003 BR-BrBNA
005 20231205102959.0
007 ta
008 230509b bl.|||p| |||| 00| 00por d
040 _aBR-BrBNA
_bpor
_cBiblioteca Nacional de Agricultura
041 _a(Pt)
072 _aE14
100 1 _aRiva, J.C.T.
245 1 _aOs novos paradigmas falam da produção em maior escala de transportes hidroviários eficientes, seguros e confiáveis
650 _aHIDROVIA
650 _aPROJETO DE DESENVOLVIMENTO
650 _aDESENVOLVIMENTO ECONÔMICO
773 0 _tAgroanalysis (Brazil)
_xISSN 0100-4298
_g(May 2000), v. 20(5) p. 35-36
_wBR0202536
909 _a202311
_bLúcia
_c55
_dLúcia Elande
942 _2AGRIS
_n0
_cANA
999 _c170391
_d170391